000 00673nam a2200217Ia 4500
003 OSt
005 20221005133820.0
006 a|||||r|||| 00| 0
007 ta
008 221004b |||||||| |||| 00| 0 pan d
024 _a65330
037 _cTextual
040 _aCRL
_cCRL
_bpan
041 _2pan
_apan
082 _aDelta73y7M40, 153M7
100 _aਸੋਢੀ, ਹਿੰਮਤ ਸਿੰਘ, ਂਚ.
245 0 _aਫ਼ੁਲਾਮ ਖ਼ਰੀਦ
_b ਜੀਵਨ ਤੇ ਚਰਨਾ
260 _c1987
942 _hDelta73y7M40, 153M7
_cTEXL
_2cc
999 _c1067966
_d1067966